College hygiene for total health

Gardado en:
Detalles Bibliográficos
Autor Principal: Esther W Stearn
Formato: Libro
Idioma:Undetermined
Publicado: Chicago J.-B. Lippincott 1961
Những chủ đề:
Các nhãn: Engadir etiqueta
Sen Etiquetas, Sexa o primeiro en etiquetar este rexistro!
Thư viện lưu trữ: Trung tâm Học liệu Trường Đại học Cần Thơ
LEADER 00496nam a2200181Ia 4500
001 CTU_21593
008 210402s9999 xx 000 0 und d
082 |a 371.7 
082 |b S799 
100 |a Esther W Stearn 
245 0 |a College hygiene for total health 
245 0 |c Esther W Stearn, Allen E Stearn 
260 |a Chicago 
260 |b J.-B. Lippincott 
260 |c 1961 
650 |a health education 
904 |i Minh, 980113 
980 |a Trung tâm Học liệu Trường Đại học Cần Thơ